A világnézet tanítása második közlemény /

Elmentve itt :
Bibliográfiai részletek
Szerző: Pauler Ákos
Dokumentumtípus: Cikk
Megjelent: 1909
Sorozat:Magyar pedagógia : a Magyar Tudományos Akadémia Pedagógiai Bizottságának folyóirata 18
Kulcsszavak:Pedagógia elmélet, Világnézeti nevelés, Világnézet
Online Access:http://misc.bibl.u-szeged.hu/8511
LEADER 00696nab a2200181 i 4500
001 misc8511
005 20191106143851.0
008 170607s1909 hu o 0|| hun d
022 |a 0025-0260 
040 |a SZTE Miscellanea Repozitórium  |b hun 
041 |a hun 
100 1 |a Pauler Ákos 
245 1 2 |a A világnézet tanítása   |h [elektronikus dokumentum] :  |b második közlemény /  |c  Pauler Ákos 
260 |c 1909 
300 |a 272-278 
490 0 |a Magyar pedagógia : a Magyar Tudományos Akadémia Pedagógiai Bizottságának folyóirata  |v 18 
695 |a Pedagógia elmélet, Világnézeti nevelés, Világnézet 
856 4 0 |u http://misc.bibl.u-szeged.hu/8511/1/mp_1909_1381_272-278.pdf  |z Dokumentum-elérés